Time Periods in History - Statistics

General Stats
  • This quiz has been taken 132 times
  • The average score is 7 of 22
Answer Stats
Hint Answer % Correct
3300 BC - 1200 BC Bronze Age
69%
1200 BC - 550 BC Iron Age
67%
10000 BC - 2000 BC Neolithic
62%
3.3 Mya - 11700 BC Paleolithic
62%
476 - 1492 Middle Ages
60%
1450 - 1650 Renaissance
47%
251.9 Mya - 66 Mya Mesozoic
46%
538.8 Mya - 251.9 Mya Paleozoic
36%
1760 - 1970 Industrial Age
28%
10000 BC - 8000 BC Mesolithic
26%
66 Mya - present Cenozoic
24%
800 BC - 476 Classical Antiquity
23%
4.6 Bya - 4 Bya Hadean
20%
1970 - present Information Age
19%
1945 - present Nuclear Age
19%
4031 Mya - 2500 Mya Archean
16%
1957 - present Space Age
15%
2500 Mya - 538.8 Mya Proterozoic
13%
1500 - 1800 Early modern history
11%
6500 BC - 5000 BC Chalcolithic
9%
1945 - present Contemporary history
9%
1880 - 1945 Machine Age
5%
No matching quizzes found
Score Distribution
Percent of People with Each Score
Percentile by Number Answered
Your Score History
You have not taken this quiz